| Tag |
First Indicator |
Second Indicator |
Subfields |
| LEADER |
00000cam a22000008a 4500 |
| 001 |
in00000007791 |
| 005 |
20151002070026.0 |
| 008 |
870416s1987 enk b 00110 eng |
| 010 |
|
|
|a 87011761
|
| 020 |
|
|
|a 0631156445 :
|c $39.95
|
| 035 |
|
|
|a (OCoLC)15629127
|
| 035 |
|
|
|9 AAA0121AM
|
| 040 |
|
|
|a DLC
|c DLC
|d m/c
|d TXA
|d UtOrBLW
|
| 050 |
0 |
0 |
|a P325
|b .B48 1987
|
| 082 |
0 |
|
|a 401/.9
|2 19
|
| 100 |
1 |
|
|a Blakemore, Diane.
|
| 245 |
1 |
0 |
|a Semantic constraints on relevance /
|c Diane Blakemore.
|
| 263 |
|
|
|a 8712
|
| 264 |
|
1 |
|a Oxford, [Oxfordshire] ;
|a New York, NY, USA :
|b Blackwell,
|c 1987.
|
| 300 |
|
|
|a vi, 160 pages
|
| 336 |
|
|
|a text
|b txt
|2 rdacontent
|
| 337 |
|
|
|a unmediated
|b n
|2 rdamedia
|
| 338 |
|
|
|a volume
|b nc
|2 rdacarrier
|
| 504 |
|
|
|a Bibliography: pages [149]-153.
|
| 500 |
|
|
|a Includes index.
|
| 650 |
|
0 |
|a Semantics.
|
| 650 |
|
0 |
|a Pragmatics.
|
| 650 |
|
0 |
|a Relevance (Philosophy)
|
| 650 |
|
0 |
|a Cohesion (Linguistics)
|
| 999 |
|
|
|a MARS
|
| 999 |
f |
f |
|s a72967c9-326c-3bc0-b2e7-f8fea3fc7f1c
|i 0b3e8dd2-142f-38c3-931d-41bb9db5f019
|t 0
|
| 952 |
f |
f |
|p ric
|a Texas A&M University
|b Rellis Campus
|c Joint Library Facility
|s JLF
|d Remote Storage
|t 0
|e P325 .B48 1987
|h Library of Congress classification
|i unmediated -- volume
|m A14812557248
|
| 998 |
f |
f |
|a P325 .B48 1987
|t 0
|l Remote Storage
|